书目信息 |
| 题名: |
如何识读土建施工图
|
|
| 作者: | 吴迈 主编 | |
| 分册: | ||
| 出版信息: | 北京 机械工业出版社 2020.6 |
|
| 页数: | 137页 | |
| 开本: | 30cm | |
| 丛书名: | ||
| 单 册: | ||
| 中图分类: | TU204.21 | |
| 科图分类: | ||
| 主题词: | 土木工程--建筑制图--识图 | |
| 电子资源: | ||
| ISBN: | 978-7-111-65420-9 | |
| 000 | 00832nam0 2200241 45 | |
| 001 | 012001001969 | |
| 005 | 20140912173907.0 | |
| 010 | @a978-7-111-65420-9@dCNY39.00 | |
| 100 | @a20200927d2020 em y0chiy50 ea | |
| 101 | 0 | @achi |
| 102 | @aCN@b110000 | |
| 105 | @aa z 000yy | |
| 106 | @ar | |
| 200 | 1 | @a如何识读土建施工图@Aru he shi du tu jian shi gong tu@b专著@f吴迈主编 |
| 210 | @a北京@c机械工业出版社@d2020.6 | |
| 215 | @a137页@d30cm | |
| 300 | @a看图是个技术活——工程施工图识读系列 | |
| 330 | @a本书主要介绍了土建施工图(含建筑施工图、结构施工图、基坑工程施工图)的内容,并结合多项典型工程实例,详细介绍了土建施工图的识读方法与步骤。 | |
| 606 | 0 | @a土木工程@x建筑制图@x识图 |
| 690 | @aTU204.21@v5 | |
| 701 | 0 | @a吴迈@Awu mai@f(1972-)@4主编 |
| 801 | 0 | @aCN@bBJSDL@c20211011 |
| 905 | @b1337925-8@dTU204.21@e1997@f4 | |
| 如何识读土建施工图/吴迈主编.-北京:机械工业出版社,2020.6 |
| 137页;30cm |
| 看图是个技术活——工程施工图识读系列 |
| ISBN 978-7-111-65420-9:CNY39.00 |
| 本书主要介绍了土建施工图(含建筑施工图、结构施工图、基坑工程施工图)的内容,并结合多项典型工程实例,详细介绍了土建施工图的识读方法与步骤。 |
| ● |
| 相关链接 |
|
|
|
|
正题名:如何识读土建施工图
索取号:TU204.21/1997
 
预约/预借
| 序号 | 登录号 | 条形码 | 馆藏地/架位号 | 状态 | 备注 |
| 1 | 1337925 | 213379253 | 第二样本阅览室/ [索取号:TU204.21/1997] | 在馆 | |
| 2 | 1337926 | 213379262 | 第三借阅区/ [索取号:TU204.21/1997] | 在馆 | |
| 3 | 1337927 | 213379271 | 第三借阅区/ [索取号:TU204.21/1997] | 在馆 | |
| 4 | 1337928 | 213379280 | 第三借阅区/ [索取号:TU204.21/1997] | 在馆 |